video game by scenery - Statistics

General Stats
  • This quiz has been taken 45 times
  • The average score is 8 of 24
Answer Stats
Picture Answer % Correct
Minecraft
88%
Cyberpunk 2077
70%
Grand Theft Auto V
67%
The Last Of Us
64%
Elden Ring
58%
Batman Arkham Knight
45%
Ghost Of Tsushima
45%
Assassin's Creed 2
39%
Assassin's Creed Mirage
36%
The Witcher 3 Wild Hunt
36%
Red Dead Redemption 2
33%
Spider-Man
33%
The Elder Scrolls V: Skyrim
30%
Bloodborne
27%
Fallout 4
27%
Dying Light
24%
Farcry 3
24%
Resident Evil 4
21%
God Of War
18%
Uncharted 4: A theifs end
18%
Helldivers 2
12%
Jedi: survivor
9%
Final Fantasy VII Rebirth
3%
Sekiro: Shadows Die Twice
3%
No matching quizzes found
Score Distribution
Percent of People with Each Score
Percentile by Number Answered
Your Score History
You have not taken this quiz